[Event "II C.to di Bologna"]
[Site "Bologna ITA"]
[Date "2005.10.16"]
[Round "3"]
[White "Conti, Valerio"]
[Black "Bianchi, Andrea"]
[Result "1-0"]
[WhiteElo "2201"]
[BlackElo "2160"]
[PlyCount "80"]
[EventDate "2005.10.15"]

1. e4 d6 2. d4 Nf6 3. Nc3 e5 4. Nf3 Nbd7 5. Be2 c6 6. a4 Be7 7. O-O O-O 8. Re1
b6 9. h3 Bb7 10. Bf1 a6 11. Bg5 Ne8 12. Be3 Nc7 13. Qd2 Qe8 14. Rad1 Rd8 15.
Qc1 b5 16. axb5 axb5 17. Nd2 b4 18. Ncb1 Ne6 19. dxe5 dxe5 20. Nc4 Nf6 21. f3
Rxd1 22. Rxd1 Qb8 23. Nbd2 Nd7 24. Nb3 Rd8 25. Rd2 Kf8 26. Qd1 Ke8 27. Nd6+
Bxd6 28. Rxd6 Nf6 29. Rxd8+ Nxd8 30. Bc5 Ne6 31. Bxb4 Qa7+ 32. Kh2 c5 33. Qd6
cxb4 34. Bb5+ Bc6 35. Bxc6+ Nd7 36. Qxb4 h5 37. Qd6 h4 38. Qxe5 Kd8 39. Qd6
Nef8 40. Nd4 Qc7 1-0

[Event "II C.to di Bologna"]
[Site "Bologna ITA"]
[Date "2005.10.16"]
[Round "3"]
[White "Gaido, Paolo"]
[Black "Damia, Angelo"]
[Result "1/2-1/2"]
[WhiteElo "2099"]
[BlackElo "2137"]
[PlyCount "24"]
[EventDate "2005.10.15"]

1. Nf3 g6 2. d4 Bg7 3. g3 d6 4. Bg2 Nd7 5. c4 e5 6. Nc3 Ne7 7. e4 O-O 8. O-O a6
9. Be3 exd4 10. Nxd4 Ne5 11. b3 Bf6 12. f3 Bd7 1/2-1/2

[Event "II C.to di Bologna"]
[Site "Bologna ITA"]
[Date "2005.10.16"]
[Round "3"]
[White "Gallo, Enrico"]
[Black "Barillaro, Luca"]
[Result "0-1"]
[WhiteElo "2113"]
[BlackElo "2175"]
[PlyCount "76"]
[EventDate "2005.10.15"]

1. e4 e6 2. d4 d5 3. Nd2 dxe4 4. Nxe4 Bd7 5. Nf3 Bc6 6. Bd3 Nf6 7. Neg5 h6 8.
Nh3 Bxf3 9. Qxf3 c6 10. Bf4 Bd6 11. O-O-O Bxf4+ 12. Nxf4 Nbd7 13. h4 Qa5 14.
Kb1 O-O-O 15. Rhe1 g5 16. Ne2 Qd5 17. Qh3 g4 18. Qh2 Nb6 19. b3 Qd6 20. Qxd6
Rxd6 21. c4 Rdd8 22. Kb2 Rhe8 23. Bc2 e5 24. Bf5+ Kc7 25. dxe5 Rxd1 26. Rxd1
Rxe5 27. Ng3 Nbd7 28. Rd4 h5 29. Rf4 Nc5 30. Bc2 Ncd7 31. Kc3 Kd6 32. Kb4 Ke7
33. Bf5 Nf8 34. Ne4 Nxe4 35. Rxe4 Rxe4 36. Bxe4 Kd6 37. c5+ Ke5 38. Bd3 f5 0-1

[Event "II C.to di Bologna"]
[Site "Bologna ITA"]
[Date "2005.10.16"]
[Round "3"]
[White "Malfagia, Andrea"]
[Black "Pace, Pietro Dario"]
[Result "1-0"]
[WhiteElo "2242"]
[BlackElo "2233"]
[PlyCount "65"]
[EventDate "2005.10.15"]

1. d4 d5 2. c4 c6 3. e3 Nf6 4. Nc3 a6 5. a4 e6 6. Nf3 Nbd7 7. Bd3 dxc4 8. Bxc4
c5 9. O-O Be7 10. Qe2 O-O 11. Rd1 cxd4 12. exd4 Nb6 13. Bd3 Nbd5 14. Ne5 Bd7
15. Bb1 g6 16. Rd3 Rc8 17. Rg3 Nxc3 18. bxc3 Ne8 19. Qh5 Bf6 20. Nxg6 fxg6 21.
Rxg6+ hxg6 22. Qxg6+ Bg7 23. Qh7+ Kf7 24. Qg6+ Kg8 25. Qh7+ Kf7 26. Bg6+ Kf6
27. h4 e5 28. d5 Ke7 29. Ba3+ Kf6 30. Bxf8 Qc7 31. d6 Qxc3 32. Be7+ Ke6 33.
Qg8# 1-0

[Event "II C.to di Bologna"]
[Site "Bologna ITA"]
[Date "2005.10.16"]
[Round "3"]
[White "Mascellani, Marco"]
[Black "Tomba, Ivan"]
[Result "1-0"]
[WhiteElo "2266"]
[BlackElo "2244"]
[PlyCount "61"]
[EventDate "2005.10.15"]

1. e4 c5 2. Nc3 e6 3. Nf3 d6 4. d3 Nc6 5. g3 g6 6. Bg2 Bg7 7. O-O Nge7 8. Be3
Nd4 9. Qd2 O-O 10. Bh6 Nec6 11. Bxg7 Kxg7 12. Ne1 f5 13. Nd1 e5 14. c3 Ne6 15.
exf5 gxf5 16. f4 exf4 17. gxf4 Qh4 18. Qf2 Qh6 19. Ne3 Ne7 20. d4 Ng6 21. dxc5
dxc5 22. Nd3 Rb8 23. Nd5 b6 24. c4 Ba6 25. b3 Kh8 26. Rae1 Nd4 27. Kh1 Rbd8 28.
Rg1 Nh4 29. Re7 Nxg2 30. Qxg2 Rg8 31. Ne5 1-0

[Event "II C.to di Bologna"]
[Site "Bologna ITA"]
[Date "2005.10.16"]
[Round "3"]
[White "Ronchetti, Niccolo'"]
[Black "Del Monaco, Andrea"]
[Result "1-0"]
[WhiteElo "2402"]
[BlackElo "2234"]
[PlyCount "67"]
[EventDate "2005.10.15"]

1. e4 c5 2. Nf3 Nc6 3. Bb5 e6 4. Bxc6 bxc6 5. d3 Qc7 6. Qe2 e5 7. b3 Be7 8. Bb2
d6 9. Nbd2 f5 10. exf5 Nf6 11. Nh4 O-O 12. g4 Nd5 13. Ng2 Bg5 14. O-O-O a5 15.
a4 Rb8 16. Kb1 Bxd2 17. Qxd2 Rb4 18. h3 Ba6 19. Ba3 Rb7 20. f4 Rfb8 21. fxe5
Rxb3+ 22. cxb3 Rxb3+ 23. Ka2 Rxd3 24. Qxd3 Bxd3 25. Rxd3 dxe5 26. Bxc5 h5 27.
Rb1 e4 28. Rdb3 Qe5 29. Rc1 Qh2 30. Rc2 Qh1 31. g5 Qd1 32. Rcb2 Kh7 33. Ne3 Qg1
34. g6+ 1-0

[Event "II C.to di Bologna"]
[Site "Bologna ITA"]
[Date "2005.10.16"]
[Round "3"]
[White "Scalcione, Michelangelo"]
[Black "Cocchi, Andrea"]
[Result "0-1"]
[WhiteElo "2284"]
[BlackElo "2315"]
[PlyCount "146"]
[EventDate "2005.10.15"]

1. Nf3 Nf6 2. c4 b6 3. g3 Bb7 4. Bg2 e6 5. O-O Be7 6. Nc3 O-O 7. d3 d5 8. cxd5
exd5 9. Nh4 Re8 10. Nf5 Bf8 11. Bg5 h6 12. Bf4 Na6 13. d4 c5 14. g4 cxd4 15.
Qxd4 Bc5 16. Qd3 Ne4 17. Nxe4 dxe4 18. Qg3 Qf6 19. Bh3 Nb4 20. g5 hxg5 21. Bxg5
Qg6 22. Rad1 Nd5 23. Nh4 Qh5 24. Bd7 Bd6 25. Qg2 Rad8 26. Bxd8 Rxd8 27. Nf5 Be5
28. Rxd5 Bxd5 29. Ne7+ Kf8 30. Nxd5 Rxd7 31. Nc3 f5 32. f4 Bxc3 33. bxc3 Rd2
34. Re1 Rxa2 35. Qf2 Kg8 36. Qd4 Kh7 37. Qd5 Rc2 38. Kh1 Rxc3 39. Rg1 Rc5 40.
Qd7 Qh6 41. Rg5 e3 42. Kg2 Qc6+ 43. Qxc6 Rxc6 44. Rxf5 Rf6 45. Rh5+ Kg6 46.
Rg5+ Kf7 47. Kf3 Re6 48. Rd5 Ke7 49. Rd3 a5 50. f5 Rh6 51. Rxe3+ Kd7 52. Rd3+
Rd6 53. Ke4 Rxd3 54. Kxd3 a4 55. h4 Kd6 56. e4 Ke5 57. h5 a3 58. Kc3 b5 59. Kb3
b4 60. Ka2 Kf6 61. Kb3 Kg5 62. Ka2 Kxh5 63. e5 Kg5 64. e6 Kf6 65. Kb3 g6 66.
fxg6 Kxe6 67. g7 Kf7 68. Ka2 Kxg7 69. Kb1 b3 70. Ka1 Kf6 71. Kb1 Ke5 72. Ka1
Kd4 73. Kb1 Kc3 0-1

[Event "II C.to di Bologna"]
[Site "Bologna ITA"]
[Date "2005.10.16"]
[Round "4"]
[White "Conti, Valerio"]
[Black "Scalcione, Michelangelo"]
[Result "0-1"]
[WhiteElo "2201"]
[BlackElo "2284"]
[PlyCount "68"]
[EventDate "2005.10.15"]

1. e4 e5 2. Nf3 d6 3. d4 exd4 4. Qxd4 Nf6 5. Nc3 Be7 6. Bg5 O-O 7. O-O-O Nc6 8.
Qd2 Be6 9. Kb1 a5 10. Bb5 Na7 11. Bd3 c5 12. Rhe1 b5 13. Bxb5 Qb6 14. a4 Rab8
15. b3 Nxb5 16. Nxb5 c4 17. Nfd4 cxb3 18. cxb3 Rfc8 19. Nxe6 fxe6 20. Qd3 Qc5
21. Be3 Qh5 22. Bd4 e5 23. Ba7 Ra8 24. h3 Qf7 25. f3 d5 26. Bg1 d4 27. Rc1 Bb4
28. Rxc8+ Rxc8 29. Rc1 Bc3 30. Ka2 Qg6 31. g4 Nd5 32. Qd1 Nb4+ 33. Kb1 Qe6 34.
Rxc3 dxc3 0-1

[Event "II C.to di Bologna"]
[Site "Bologna ITA"]
[Date "2005.10.16"]
[Round "4"]
[White "Damia, Angelo"]
[Black "Bianchi, Andrea"]
[Result "1/2-1/2"]
[WhiteElo "2137"]
[BlackElo "2160"]
[PlyCount "62"]
[EventDate "2005.10.15"]

1. e4 d6 2. d4 Nf6 3. Nc3 e5 4. dxe5 dxe5 5. Qxd8+ Kxd8 6. Bg5 Be6 7. O-O-O+
Kc8 8. Nge2 Bc5 9. f3 c6 10. Kb1 Nbd7 11. Nc1 b5 12. Nd3 Bd4 13. Ne2 Bb6 14.
Bh4 Re8 15. Bg3 Bc7 16. Bf2 a5 17. g4 a4 18. g5 Nh5 19. Ng3 Nf4 20. Nxf4 exf4
21. Nh5 Rg8 22. Bd4 g6 23. Nf6 Nxf6 24. Bxf6 Bd8 25. Bxd8 Rxd8 26. Rxd8+ Kxd8
27. h4 Ke7 28. h5 gxh5 29. Rxh5 Rg8 30. b3 axb3 31. axb3 Rg7 1/2-1/2

[Event "II C.to di Bologna"]
[Site "Bologna ITA"]
[Date "2005.10.16"]
[Round "4"]
[White "Del Monaco, Andrea"]
[Black "Gaido, Paolo"]
[Result "0-1"]
[WhiteElo "2234"]
[BlackElo "2099"]
[PlyCount "106"]
[EventDate "2005.10.15"]

1. e4 d6 2. d4 Nf6 3. Nc3 g6 4. f4 Bg7 5. Nf3 O-O 6. Bd3 Nc6 7. O-O Bg4 8. Be3
e5 9. fxe5 dxe5 10. d5 Nd4 11. Qd2 Bxf3 12. gxf3 Nh5 13. Ne2 Nxe2+ 14. Bxe2 Nf4
15. Kh1 Nxe2 16. Qxe2 f5 17. Qd3 Qd7 18. c4 Rf7 19. Kg2 Raf8 20. Rad1 fxe4 21.
Qxe4 Qa4 22. a3 Rxf3 23. Rxf3 Qxd1 24. Rxf8+ Kxf8 25. Bc5+ Kg8 26. Bxa7 Qd2+
27. Bf2 Qxb2 28. Qg4 Bf8 29. Qe6+ Kh8 30. Qf6+ Kg8 31. Qe6+ Kh8 32. c5 Qe2 33.
Qf6+ Kg8 34. Qe6+ Kh8 35. Qf7 Bxc5 36. Qf6+ Kg8 37. Qd8+ Bf8 38. Kg1 Qc4 39.
Bg3 Qc5+ 40. Kg2 Qd6 41. Bh4 Qxd8 42. Bxd8 Bd6 43. h3 Kf7 44. Kf3 Ke8 45. Bf6
Bxa3 46. Bxe5 Kd7 47. Ke4 Bd6 48. Bb2 c6 49. Kd4 b5 50. dxc6+ Kxc6 51. Bc1 Bg3
52. Ba3 h5 53. Bb4 g5 0-1

[Event "II C.to di Bologna"]
[Site "Bologna ITA"]
[Date "2005.10.16"]
[Round "4"]
[White "Galassi, Federico"]
[Black "Gallo, Enrico"]
[Result "1/2-1/2"]
[WhiteElo "2190"]
[BlackElo "2113"]
[PlyCount "56"]
[EventDate "2005.10.15"]

1. e4 c5 2. Nc3 e6 3. g3 d5 4. exd5 exd5 5. Bg2 Nf6 6. d4 cxd4 7. Qxd4 Nc6 8.
Qa4 Bb4 9. Nge2 O-O 10. O-O h6 11. h3 Qb6 12. Nf4 Ne7 13. Qb3 d4 14. Nce2 Bc5
15. Qxb6 Bxb6 16. g4 g5 17. Nd3 Ned5 18. b3 Re8 19. Ng3 Bd7 20. Bb2 Rac8 21.
Rac1 Rc7 22. Rfe1 Rxe1+ 23. Nxe1 Nf4 24. Bf1 h5 25. Nxh5 N6xh5 26. gxh5 Nxh3+
27. Bxh3 Bxh3 28. Nf3 Bg4 1/2-1/2

[Event "II C.to di Bologna"]
[Site "Bologna ITA"]
[Date "2005.10.16"]
[Round "4"]
[White "Tomba, Ivan"]
[Black "Malfagia, Andrea"]
[Result "1-0"]
[WhiteElo "2244"]
[BlackElo "2242"]
[PlyCount "69"]
[EventDate "2005.10.15"]

1. e4 c5 2. Nf3 d6 3. d4 cxd4 4. Nxd4 Nf6 5. Nc3 g6 6. Be3 Bg7 7. f3 O-O 8. Qd2
Nc6 9. O-O-O d5 10. Kb1 Nxd4 11. e5 Nxf3 12. gxf3 Nh5 13. Nxd5 Be6 14. f4 Qxd5
15. Qxd5 Bxd5 16. Rxd5 Bh6 17. Bc4 Rfc8 18. b3 Rc7 19. Rf1 Rac8 20. e6 f5 21.
Rd7 Nf6 22. Bxa7 b5 23. Bxb5 Rxc2 24. Rxe7 Rxh2 25. Rf2 Rxf2 26. Bxf2 Nd5 27.
Re8+ Rxe8 28. Bxe8 Bxf4 29. Bc5 Bg5 30. Bc6 Ne7 31. Bb7 Kf8 32. a4 Ke8 33. a5
Bf4 34. a6 Bb8 35. b4 1-0

[Event "II C.to di Bologna"]
[Site "Bologna ITA"]
[Date "2005.10.22"]
[Round "5"]
[White "Barillaro, Luca"]
[Black "Tomba, Ivan"]
[Result "0-1"]
[WhiteElo "2175"]
[BlackElo "2244"]
[PlyCount "68"]
[EventDate "2005.10.15"]

1. d4 Nf6 2. Nf3 e6 3. g3 b6 4. Bg2 Bb7 5. O-O c5 6. Nc3 Be7 7. Bf4 Nh5 8. Be3
d6 9. d5 e5 10. Nd2 f5 11. f4 exf4 12. Bxf4 Nxf4 13. Rxf4 O-O 14. e4 Nd7 15.
Rxf5 Bf6 16. Nb3 Ne5 17. Qe2 Bc8 18. Rf4 g5 19. Rf5 Bxf5 20. exf5 Qd7 21. Rf1
Rae8 22. Ne4 b5 23. Qh5 Nc4 24. Nxg5 Bxg5 25. Qxg5+ Qg7 26. Qf4 Qe5 27. Qg4+
Kh8 28. Qh5 Ne3 29. Rf2 Rxf5 30. Rxf5 Nxf5 31. Qf7 Nh6 32. Qf4 Qxf4 33. gxf4
Re2 34. c4 b4 0-1

[Event "II C.to di Bologna"]
[Site "Bologna ITA"]
[Date "2005.10.22"]
[Round "5"]
[White "Bianchi, Andrea"]
[Black "Del Monaco, Andrea"]
[Result "0-1"]
[WhiteElo "2160"]
[BlackElo "2234"]
[PlyCount "126"]
[EventDate "2005.10.15"]

1. e4 c5 2. Nf3 Nc6 3. d4 cxd4 4. Nxd4 Qc7 5. Nb5 Qb8 6. c4 Nf6 7. N5c3 e6 8.
f4 e5 9. g3 Bc5 10. Be2 d6 11. Nd2 exf4 12. gxf4 Bh3 13. Bf3 Ng4 14. Bxg4 Qd8
15. Qf3 Qh4+ 16. Qg3 Qxg3+ 17. hxg3 Bxg4 18. Nb3 O-O-O 19. Nxc5 dxc5 20. Kf2
Rd3 21. Be3 Na5 22. Bxc5 b6 23. Be3 Nxc4 24. Nd5 Nxe3 25. Rhc1+ Kb8 26. Nxe3
Rd2+ 27. Kg1 Bf3 28. Rc2 Rxc2 29. Nxc2 Bxe4 30. Nd4 h5 31. Re1 f5 32. Ne6 h4
33. Kh2 hxg3+ 34. Kxg3 Rc8 35. Re2 Rc1 36. Kf2 g6 37. Ng5 Bd5 38. b3 Kb7 39.
Re7+ Ka6 40. Re2 Kb5 41. Ke3 Rd1 42. Nf3 Bxf3 43. Kxf3 Rd6 44. Rg2 Kb4 45. Ke3
Ka3 46. Rh2 a5 47. Rg2 b5 48. Rc2 b4 49. Rg2 Re6+ 50. Kd3 Re4 51. Rf2 Re1 52.
Rg2 Rf1 53. Rxg6 Kxa2 54. Ra6 a4 55. Rxa4+ Kxb3 56. Ra5 Rxf4 57. Ke3 Rc4 58.
Rxf5 Kc3 59. Rf1 b3 60. Rc1+ Kb4 61. Rh1 b2 62. Kd2 Kb3 63. Rh3+ Ka2 0-1

[Event "II C.to di Bologna"]
[Site "Bologna ITA"]
[Date "2005.10.22"]
[Round "5"]
[White "Gaido, Paolo"]
[Black "Cocchi, Andrea"]
[Result "0-1"]
[WhiteElo "2099"]
[BlackElo "2315"]
[PlyCount "100"]
[EventDate "2005.10.15"]

1. Nf3 Nf6 2. c4 b6 3. d4 e6 4. g3 Ba6 5. b3 Bb4+ 6. Bd2 Be7 7. Bg2 c6 8. Bc3
d5 9. Nbd2 Nbd7 10. O-O O-O 11. Re1 c5 12. e4 Bb7 13. cxd5 exd5 14. e5 Ne8 15.
Nf1 Nc7 16. Ne3 Re8 17. h4 Rc8 18. Rc1 Bf8 19. Qd3 cxd4 20. Bxd4 Nc5 21. Qf5 g6
22. Qb1 N7e6 23. b4 Nxd4 24. Nxd4 Ne4 25. Ng4 Rxc1 26. Rxc1 Bg7 27. b5 h5 28.
Ne3 Bxe5 29. Nc6 Bxc6 30. bxc6 Nc3 31. Qd3 d4 32. Nc4 Bxg3 33. Rxc3 dxc3 34.
Bd5 Bxf2+ 35. Kxf2 Qxh4+ 36. Kg2 Qg5+ 37. Kh2 b5 38. Bxf7+ Kxf7 39. Nd6+ Ke7
40. Qe4+ Kxd6 41. Qxe8 Qf4+ 42. Kg2 Qg4+ 43. Kh2 c2 44. Qb8+ Kxc6 45. Qa8+ Kc5
46. Qxa7+ Kc4 47. Qc7+ Kd3 48. Qd6+ Kc3 49. Qa3+ Kd2 50. Qd6+ Ke1 0-1

[Event "II C.to di Bologna"]
[Site "Bologna ITA"]
[Date "2005.10.22"]
[Round "5"]
[White "Malfagia, Andrea"]
[Black "Damia, Angelo"]
[Result "1-0"]
[WhiteElo "2242"]
[BlackElo "2137"]
[PlyCount "91"]
[EventDate "2005.10.15"]

1. d4 d6 2. e4 Nf6 3. f3 e5 4. d5 Be7 5. Be3 c5 6. Bb5+ Nbd7 7. a4 a6 8. Bd3 h6
9. Qd2 Nh7 10. g3 Bg5 11. f4 exf4 12. gxf4 Bh4+ 13. Kd1 Ndf6 14. Nf3 Bg4 15.
Qg2 g5 16. Kc1 Bxf3 17. Qxf3 gxf4 18. Bxf4 Bg5 19. h4 Bxf4+ 20. Qxf4 h5 21. Nd2
Qe7 22. Nc4 O-O-O 23. Rf1 Kb8 24. Ra3 Rhg8 25. Rb3 Rg4 26. Qf5 Qd7 27. Qxd7
Rxd7 28. e5 dxe5 29. Nxe5 c4 30. Bxc4 Rxc4 31. Nxc4 Rxd5 32. Rb6 Rd4 33. b3
Rxh4 34. Rfxf6 Nxf6 35. Rxf6 b5 36. axb5 axb5 37. Ne5 Kc7 38. Rxf7+ Kd6 39. Nf3
Ke6 40. Nxh4 Kxf7 41. Kd2 Kf6 42. Ke3 Kg5 43. Nf3+ Kg4 44. c4 bxc4 45. bxc4 h4
46. Ke4 1-0

[Event "II C.to di Bologna"]
[Site "Bologna ITA"]
[Date "2005.10.22"]
[Round "5"]
[White "Mascellani, Marco"]
[Black "Conti, Valerio"]
[Result "1/2-1/2"]
[WhiteElo "2266"]
[BlackElo "2201"]
[PlyCount "114"]
[EventDate "2005.10.15"]

1. e4 c5 2. Nc3 Nc6 3. Nf3 g6 4. Be2 Bg7 5. O-O e6 6. b3 Nge7 7. Bb2 O-O 8. Na4
Bxb2 9. Nxb2 e5 10. Nc4 d6 11. Ne3 f5 12. Bc4+ Kg7 13. d3 Rb8 14. a4 a6 15. c3
f4 16. Nd5 g5 17. Ne1 Ng6 18. d4 cxd4 19. cxd4 Nxd4 20. Be2 Ne7 21. Nxe7 Qxe7
22. Nf3 Nxe2+ 23. Qxe2 Be6 24. Qd3 Rfd8 25. Rfc1 Rd7 26. h3 Rbd8 27. Qc3 Qf6
28. Rd1 h5 29. Kh2 g4 30. Ng1 Kh7 31. Rd2 f3 32. Qe3 fxg2 33. Kxg2 Qf4 34. Qxf4
exf4 35. hxg4 hxg4 36. f3 Bxb3 37. fxg4 d5 38. e5 d4 39. Kf3 Rf8 40. Ne2 d3 41.
Nc3 Rc8 42. Ne4 Rd4 43. Rh1+ Kg7 44. Rdh2 Bg8 45. e6 d2 46. Rxd2 Rxd2 47. Nxd2
Bxe6 48. Rb1 Bd5+ 49. Kxf4 Rc2 50. Ke3 Ra2 51. Rb4 Bc6 52. Nc4 Rxa4 53. Rxa4
Bxa4 54. Kd4 Bd7 55. Kc5 Bxg4 56. Nd6 Bf3 57. Nxb7 Bxb7 1/2-1/2

[Event "II C.to di Bologna"]
[Site "Bologna ITA"]
[Date "2005.10.22"]
[Round "5"]
[White "Pace, Pietro Dario"]
[Black "Galassi, Federico"]
[Result "1-0"]
[WhiteElo "2233"]
[BlackElo "2190"]
[PlyCount "61"]
[EventDate "2005.10.15"]

1. e4 d6 2. d4 Nf6 3. Nc3 g6 4. Bg5 c6 5. Qd2 b5 6. Bd3 h6 7. Bh4 Bg7 8. f4 O-O
9. Nf3 Bg4 10. O-O Bxf3 11. gxf3 Nh5 12. Ne2 c5 13. c3 cxd4 14. cxd4 Nc6 15.
Bc2 Rc8 16. Rac1 Qb6 17. Bf2 Qa5 18. Qxa5 Nxa5 19. b3 a6 20. Bb1 Nf6 21. Be3
Nd7 22. Kg2 h5 23. Kf2 Bh6 24. Rg1 Kh7 25. e5 dxe5 26. dxe5 e6 27. Be4 Nb8 28.
Nd4 Rfd8 29. Nxe6 fxe6 30. Rxg6 Bg7 31. Rcg1 1-0

[Event "II C.to di Bologna"]
[Site "Bologna ITA"]
[Date "2005.10.22"]
[Round "5"]
[White "Ronchetti, Niccolo'"]
[Black "Scalcione, Michelangelo"]
[Result "1-0"]
[WhiteElo "2402"]
[BlackElo "2284"]
[PlyCount "63"]
[EventDate "2005.10.15"]

1. e4 g6 2. d4 Bg7 3. Nc3 d6 4. f4 Nh6 5. Be2 f5 6. e5 d5 7. b3 c6 8. Na4 b5 9.
Nc5 Na6 10. Nxa6 Bxa6 11. a4 Qa5+ 12. Bd2 Qb6 13. Nf3 Nf7 14. O-O Bb7 15. Bb4
a6 16. Qd2 Qc7 17. c4 dxc4 18. bxc4 a5 19. Bc5 b4 20. Rac1 O-O 21. d5 Rfe8 22.
Rfd1 Rac8 23. Nd4 Nd8 24. d6 exd6 25. Bxd6 Qd7 26. c5 Kh8 27. Bc4 Re7 28. Bxe7
Qxe7 29. Nb3 Ra8 30. Qd7 Qf8 31. Rc2 g5 32. Rcd2 1-0

[Event "II C.to di Bologna"]
[Site "Bologna ITA"]
[Date "2005.10.22"]
[Round "6"]
[White "Cocchi, Andrea"]
[Black "Tomba, Ivan"]
[Result "1-0"]
[WhiteElo "2315"]
[BlackElo "2244"]
[PlyCount "53"]
[EventDate "2005.10.15"]

1. Nf3 Nf6 2. c4 g6 3. g3 Bg7 4. Bg2 O-O 5. O-O d6 6. Nc3 Nc6 7. d3 e5 8. Rb1
a5 9. a3 Ne7 10. c5 Ne8 11. cxd6 cxd6 12. d4 Nc7 13. e4 Bg4 14. Be3 Nc6 15.
dxe5 Nxe5 16. Bf4 b5 17. Bxe5 dxe5 18. Qe2 Qb8 19. Rfd1 Be6 20. Nd5 Rd8 21.
Ne7+ Kf8 22. Nc6 Rxd1+ 23. Qxd1 Qb7 24. Qd6+ Kg8 25. Nfxe5 Ne8 26. Ne7+ Kh8 27.
Qxe6 1-0

[Event "II C.to di Bologna"]
[Site "Bologna ITA"]
[Date "2005.10.22"]
[Round "6"]
[White "Damia, Angelo"]
[Black "Pace, Pietro Dario"]
[Result "1/2-1/2"]
[WhiteElo "2137"]
[BlackElo "2233"]
[PlyCount "106"]
[EventDate "2005.10.15"]

1. Nf3 Nf6 2. g3 g6 3. Ne5 Ne4 4. Ng4 Ng5 5. Nh6 Nh3 6. Ng8 Ng1 7. Nc3 Nc6 8.
Nb5 Nb4 9. Nd4 Nd5 10. Nc6 Nc3 11. Nb8 Nb1 12. b3 b6 13. Bb2 Bh6 14. Bg7 Bb7
15. Bh3 Bg2 16. Bf8 Bf1 17. Bg2 Bg7 18. Bb7 Bb2 19. Bc8 Bc1 20. h4 a5 21. h5 a4
22. Rh4 Ra5 23. Rb4 Rg5 24. Rb5 Rg4 25. Ra5 Rh4 26. Ra8 Rh1 27. b4 g5 28. a3 h6
29. Ra2 Rh7 30. Rb2 Rg7 31. Rb3 Rg6 32. Rf3 Rc6 33. Rf6 Rc3 34. Rg6 Rb3 35. Rg7
Rb2 36. Rh7 Ra2 37. Rh8 Ra1 38. f3 c6 39. Kf2 Qc7 40. c3 f6 41. Qc2 Kf7 42.
Qg6+ Ke6 43. Ke3 Kd5 44. Qg7 Kc4 45. Ke4 Kb3 46. Kf5 Kc2 47. Kg6 Kd1 48. Kf7
Qe5 49. Ke8 Qd4 50. Kd8 Qe3 51. Qf7 Qf2 52. Qe8 Qe1 53. g4 b5 1/2-1/2

[Event "II C.to di Bologna"]
[Site "Bologna ITA"]
[Date "2005.10.22"]
[Round "6"]
[White "Del Monaco, Andrea"]
[Black "Barillaro, Luca"]
[Result "1/2-1/2"]
[WhiteElo "2234"]
[BlackElo "2175"]
[PlyCount "61"]
[EventDate "2005.10.15"]

1. e4 Nf6 2. e5 Nd5 3. d4 d6 4. c4 Nb6 5. f4 g6 6. Nc3 Bg7 7. Be3 O-O 8. Nf3
Be6 9. b3 c5 10. dxc5 N6d7 11. cxd6 exd6 12. Qxd6 Nxe5 13. Qxd8 Nxf3+ 14. gxf3
Rxd8 15. Rc1 Nc6 16. Be2 Nb4 17. Kf2 Bxc3 18. Rxc3 Nxa2 19. Rc2 Nb4 20. Rd2
Rxd2 21. Bxd2 Nc6 22. Bc3 Rd8 23. b4 Rd7 24. Ra1 b6 25. c5 bxc5 26. bxc5 Rd5
27. Bf6 Rxc5 28. Bd3 Nb4 29. Be4 a5 30. Bd8 Nd5 31. Bxd5 1/2-1/2

[Event "II C.to di Bologna"]
[Site "Bologna ITA"]
[Date "2005.10.22"]
[Round "6"]
[White "Galassi, Federico"]
[Black "Conti, Valerio"]
[Result "1-0"]
[WhiteElo "2190"]
[BlackElo "2201"]
[PlyCount "67"]
[EventDate "2005.10.15"]

1. e4 c5 2. Nc3 Nc6 3. g3 g6 4. Bg2 Bg7 5. d3 e6 6. Be3 d6 7. Qd2 Nge7 8. Bh6
O-O 9. h4 f6 10. Bxg7 Kxg7 11. h5 g5 12. h6+ Kh8 13. O-O-O Rg8 14. f4 gxf4 15.
gxf4 d5 16. Qf2 d4 17. Nce2 Qc7 18. Nf3 Bd7 19. Rdg1 Raf8 20. Nh4 Ng6 21. f5
Nxh4 22. Qxh4 e5 23. Bf3 Bc8 24. Rxg8+ Kxg8 25. Rg1+ Kh8 26. Ng3 Qf7 27. Nh5
Qxa2 28. Rg7 Qa1+ 29. Kd2 Qa5+ 30. Ke2 Qa4 31. Nxf6 Qxc2+ 32. Ke1 Qc1+ 33. Kf2
Qd2+ 34. Kg1 1-0

[Event "II C.to di Bologna"]
[Site "Bologna ITA"]
[Date "2005.10.22"]
[Round "6"]
[White "Gallo, Enrico"]
[Black "Gaido, Paolo"]
[Result "1-0"]
[WhiteElo "2113"]
[BlackElo "2099"]
[PlyCount "65"]
[EventDate "2005.10.15"]

1. e4 d6 2. d4 Nf6 3. Nc3 g6 4. f4 Bg7 5. Nf3 O-O 6. Bd3 Nc6 7. O-O Bg4 8. Be3
e5 9. d5 Nd4 10. Be2 Nxe2+ 11. Qxe2 c6 12. h3 Bxf3 13. Qxf3 cxd5 14. exd5 exf4
15. Bxf4 Qb6+ 16. Kh1 Nh5 17. Bg5 Be5 18. Ne2 Qxb2 19. g4 f6 20. Bh6 Ng7 21.
Rab1 Qxa2 22. Rxb7 Rf7 23. Rxf7 Kxf7 24. Nf4 Qxc2 25. Rf2 Qc1+ 26. Kg2 Rb8 27.
Nd3 Qc3 28. Bd2 Qd4 29. Nxe5+ Qxe5 30. Re2 Qb2 31. Bc3 Qb7 32. Bxf6 Ne8 33.
Be7+ 1-0

[Event "II C.to di Bologna"]
[Site "Bologna ITA"]
[Date "2005.10.22"]
[Round "6"]
[White "Mascellani, Marco"]
[Black "Ronchetti, Niccolo'"]
[Result "0-1"]
[WhiteElo "2266"]
[BlackElo "2402"]
[PlyCount "84"]
[EventDate "2005.10.15"]

1. e4 c5 2. Nc3 Nc6 3. g3 g6 4. Bg2 Bg7 5. Nge2 d6 6. O-O e6 7. d3 Rb8 8. Be3
Nd4 9. Qd2 Ne7 10. Rae1 O-O 11. Nd1 b5 12. Nc1 b4 13. Kh1 Ba6 14. f4 Qc7 15. g4
f5 16. gxf5 exf5 17. c3 bxc3 18. bxc3 Ndc6 19. Rf2 Kh8 20. e5 c4 21. d4 d5 22.
Rfe2 Nd8 23. Bf2 Ne6 24. Bh4 Bb7 25. Bg5 Bc6 26. Re3 Rb1 27. Rh3 Ng8 28. Ne3
Qb7 29. Qf2 h6 30. Rg1 Rc8 31. Qg3 Nxg5 32. fxg5 h5 33. Nxf5 Qb2 34. Nd6 Rxc1
35. Rxh5+ Bh6 36. gxh6 Rxg1+ 37. Kxg1 Qb1+ 38. Bf1 Rf8 39. Nf5 Rxf5 40. Rxf5
Qxf5 41. e6 Qxe6 42. Bh3 Qf6 0-1

[Event "II C.to di Bologna"]
[Site "Bologna ITA"]
[Date "2005.10.22"]
[Round "6"]
[White "Scalcione, Michelangelo"]
[Black "Malfagia, Andrea"]
[Result "1-0"]
[WhiteElo "2284"]
[BlackElo "2242"]
[PlyCount "133"]
[EventDate "2005.10.15"]

1. Nf3 Nf6 2. c4 e6 3. Nc3 c5 4. g3 b6 5. Bg2 Bb7 6. O-O Be7 7. Re1 a6 8. e4 d6
9. d4 cxd4 10. Nxd4 Qc7 11. Be3 Nbd7 12. Rc1 O-O 13. f4 Rfe8 14. g4 Nf8 15. g5
N6d7 16. Qh5 Rac8 17. Nd1 Qb8 18. Nf2 Qa8 19. Ne2 b5 20. cxb5 axb5 21. Ng3 d5
22. exd5 exd5 23. Rxc8 Rxc8 24. Nf5 Bb4 25. Bd4 Ng6 26. Ng4 Bc5 27. Bxc5 Nxc5
28. Ne7+ Nxe7 29. Rxe7 Rf8 30. Ne5 Ne4 31. Bxe4 dxe4 32. Rxf7 Bd5 33. Rxf8+
Qxf8 34. Nd7 Qe7 35. Ne5 Qc5+ 36. Kg2 Qc2+ 37. Kg3 g6 38. Nxg6 Qd3+ 39. Kh4
hxg6 40. Qxg6+ Kf8 41. Qd6+ Ke8 42. Qe5+ Kd7 43. Qg7+ Kc6 44. Qf6+ Kc5 45. Qe7+
Kb6 46. Qd8+ Ka7 47. Qe7+ Bb7 48. Qc5+ Ka6 49. b4 Qc4 50. Qd6+ Ka7 51. g6 e3
52. Qe5 e2 53. Qe3+ Ka6 54. Kg3 Qxb4 55. Qxe2 Qc3+ 56. Kg4 Bc8+ 57. Kg5 Qh3 58.
Qe4 Qg4+ 59. Kf6 Qh4+ 60. Kf7 Qg4 61. Qc6+ Ka5 62. Qc3+ Kb6 63. Qf6+ Ka5 64. g7
Bb7 65. Qd8+ Ka4 66. Qd4+ b4 67. Qa7+ 1-0

[Event "II C.to di Bologna"]
[Site "Bologna ITA"]
[Date "2005.10.23"]
[Round "7"]
[White "Conti, Valerio"]
[Black "Malfagia, Andrea"]
[Result "0-1"]
[WhiteElo "2201"]
[BlackElo "2242"]
[PlyCount "56"]
[EventDate "2005.10.15"]

1. e4 e6 2. d4 d5 3. Nc3 Bb4 4. e5 c5 5. a3 Bxc3+ 6. bxc3 Ne7 7. Nf3 b6 8. Bb5+
Bd7 9. Be2 Ba4 10. O-O Qc7 11. Ra2 Nd7 12. Re1 h6 13. g3 O-O 14. Nh4 b5 15. f4
Rac8 16. Bd3 cxd4 17. cxd4 Nb6 18. f5 Nxf5 19. Nxf5 exf5 20. Bxf5 Qc4 21. Qg4
Kh8 22. Bxh6 gxh6 23. Bd3 Qc3 24. Rf1 Rc6 25. Rf4 Nc4 26. Qf5 Rg6 27. e6 Qe1+
28. Rf1 Qxe6 0-1